1815 1515 1867 1208 1514 1968 1755 1118 1475 1841 1254 1500 1766 1652 1781 1942 1459 1931 1949 1286 1177 1783 1108 1739 1624 1742 1098 1157 1895 1276 1304 1270 1675 1089 1338 1085 1628 1448 1769 1320 1767 1272 1304 1730 1237 1874 1224 1305 1343 1521 1770 1197 1474 1134 1833 1637 1517 1466 1338 1019 1202 1117 1035 1325 1817 1060 1452 1985 1903 1169 1573 1336 1715 1911 1998 1629 1823 1625 1168 1237 1796 1572 1555 1174 1675 1194 1150 1338 1331 1918 1178 1528 1292 1860 1103 1446 1394 1147 1574 BCNSPRNW ULIB Ver.6.0+V

เปลี่ยนเป็นภาษาไทย

Change to English
 แสดงรายละเอียดบรรณานุกรม
  กลับหน้าหลัก

Brief Record : Get Marc (ISO 2709) : E-mail record : QR code < ปิดหน้าต่าง
LEADER : 00000nam 2200000uu 4500
001    13399113614
003     ULIB
008    111124s2552||||th 000 0 tha d
020    ^a9786115000210
090    ^aนว.^bณ410ฟ 2552
100 0  ^aณารา
245 00 ^aไฟรัก...เกมร้อน/^cณารา
250    ^aพิมพ์ครั้งที่ 1
260    ^aกรุงเทพฯ :^bพิมพ์คำ,^c2552
300    ^a402 หน้า
710 1  ^aพิมพ์คำ
945    ^p250^l0^i16307
995    ^aกัณชพร
999    ^aใช้งานได้ทุกระบบ
รายการนี้ยังไม่มีแท็ก
คุณยังไม่ได้ล็อกอิน คุณสามารถมีกิจกรรมร่วมกับเว็บไซต์ได้ แต่ต้องล็อกอินก่อน ::
  ล็อกอิน

รายการสื่อสารสนเทศ

ลำดับที่ ประเภท เลขเรียก/บาร์โค้ด สถานที่ สถานะ
1. นวนิยาย
นวนิยาย
นว. ณ410ฟ 2552 ฉ.1 
  Barcode: 16307
ห้องสมุดวิทยาเขตสวรรค์ประชารักษ์
►นวนิยาย
บนชั้น
  ขอยืม

รายการใกล้เคียง
    ผู้แต่ง [ณารา]

BibComment


ยังไม่เคยถูกคอมเมนท์

คอมเมนท์ทรัพยากรรายการนี้
  คอมเมนท์: ไฟรักเกมร้อน ณารา


 Copyright 2026. Bcnsprnw @Library